000 00411nam a2200157Ia 4500
008 160316s2012 xxu||||| |||| 00| 0 eng d
082 _a341.754000
_bUNI
100 _a
245 _aA strategic direction for UNCITRAL
250 _a
260 _aUnited Nations
_bUnited Nations General Assembly
_c2012
300 _a13
_b
_c
365 _b
650 _a1. Uncitral - international trade law
700 _a
_a
999 _c39871
_d39871